[Event "Alberta op"]
[Site "Edmonton"]
[Date "2017.10.08"]
[Round "4"]
[White "Chao, Lucy"]
[Black "McKay, Arnold"]
[Result "0-1"]
[WhiteElo "1276"]
[BlackElo "1785"]
[PlyCount "104"]
[EventDate "2017.10.07"]
[EventType "swiss"]
[EventRounds "6"]
[EventCountry "CAN"]
[SourceTitle "EXT 2019"]
[Source "ChessBase"]
[SourceDate "2018.10.10"]
[SourceVersion "1"]
[SourceVersionDate "2018.10.10"]
[SourceQuality "1"]

1. e4 c5 2. Nf3 d6 3. d4 cxd4 4. Nxd4 Nf6 5. Nc3 g6 6. Bc4 Bg7 7. Be3 0-0 8. f3 a6 9. Qd2 Bd7 10. 0-0-0 Nc6 11. g4 Ne5 12. Be2 b5 13. h4 b4 14. Nd5 Nxd5 15. exd5 Qa5 16. a3 Rfb8 17. Nc6 Nxc6 18. dxc6 Bxc6 19. Bc4 Qa4 20. Bb3 bxa3 21. Bxa4 a2 22. Qa5 a1Q+ 23. Kd2 Qxa4 24. Qxa4 Bxa4 25. b3 Bc6 26. Rdf1 h6 27. h5 g5 28. Rh2 e5 29. Kc1 d5 30. Bc5 Rb5 31. b4 a5 32. c3 axb4 33. Rb2 Ra1+ 34. Rb1 Rxb1+ 35. Kxb1 bxc3+ 36. Kc2 Rxc5 37. Rb1 Ba4+ 38. Kc1 Rb5 39. Ra1 Rb4 40. Ra2 c2 41. Kd2 Rb1 42. Rxc2 Bxc2 43. Kxc2 Rf1 44. Kb3 Rxf3+ 45. Kb4 Bf8+ 46. Kb5 Rc3 47. Ka4 d4 48. Kb5 d3 49. Ka4 d2 50. Ka5 d1R 51. Ka4 Rb1 52. Ka5 Ra3# 0-1

[Event "Alberta-ch Seniors"]
[Site "Edmonton"]
[Date "2017.04.08"]
[Round "1"]
[White "Karmali, Hafiz"]
[Black "McKay, Arnold"]
[Result "1-0"]
[WhiteElo "1921"]
[BlackElo "1774"]
[PlyCount "145"]
[EventDate "2017.04.08"]
[EventType "swiss"]
[EventRounds "5"]
[EventCountry "CAN"]
[SourceTitle "EXT 2019"]
[Source "ChessBase"]
[SourceDate "2018.10.10"]
[SourceVersion "1"]
[SourceVersionDate "2018.10.10"]
[SourceQuality "1"]

1. d4 Nf6 2. c4 e6 3. Nc3 Bb4 4. e3 0-0 5. Bd3 d5 6. Nf3 c5 7. 0-0 cxd4 8. exd4 dxc4 9. Bxc4 b6 10. Qb3 Bxc3 11. bxc3 Qc7 12. Ne5 Nc6 13. Nxc6 Qxc6 14. Bb5 Qc7 15. g3 Bb7 16. Bf4 Qe7 17. Rfe1 Nd5 18. Bc1 Rfd8 19. Bf1 Nf6 20. Bg2 Bxg2 21. Kxg2 Qb7+ 22. f3 Rd5 23. Bb2 Rad8 24. c4 Rf5 25. Rad1 Qc6 26. Re3 Rc8 27. Rc3 Rh5 28. d5 exd5 29. cxd5 Qd7 30. Rxc8+ Qxc8 31. h4 Nd7 32. Re1 h6 33. Re7 Rf5 34. Qb5 Qc2+ 35. Re2 Qc8 36. Qc6 Qd8 37. d6 Rc5 38. Qb7 Rc8 39. Kh3 Nc5 40. Qe7 Qd7+ 41. g4 Qxe7 42. Rxe7 Rd8 43. Be5 Rd7 44. Rxd7 Nxd7 45. Bd4 f6 46. f4 Kf7 47. f5 Ke8 48. g5 h5 49. Kg3 Nc5 50. Kf4 Kf7 51. g6+ Ke8 52. Bxc5 bxc5 53. Ke4 c4 54. Kd4 c3 55. Kxc3 Kd7 56. Kc4 Kxd6 57. Kd4 a5 58. a4 Kc6 59. Kc4 Kd6 60. Kb5 Ke5 61. Kxa5 Kxf5 62. Kb6 Kg4 63. a5 Kxh4 64. a6 Kg5 65. a7 Kxg6 66. a8Q Kh6 67. Kc5 g5 68. Qh8+ Kg6 69. Qe8+ Kh6 70. Qf7 h4 71. Qxf6+ Kh5 72. Qf3+ Kh6 73. Kd4 1-0

[Event "Edmonton Fall-B"]
[Site "Edmonton"]
[Date "2015.11.06"]
[Round "1"]
[White "McKay, Arnold"]
[Black "Steele, Len"]
[Result "1-0"]
[WhiteElo "1815"]
[BlackElo "1646"]
[PlyCount "61"]
[EventDate "2015.11.06"]
[EventType "tourn"]
[EventRounds "5"]
[EventCountry "CAN"]
[SourceTitle "EXT 2019"]
[Source "ChessBase"]
[SourceDate "2018.10.10"]
[SourceVersion "1"]
[SourceVersionDate "2018.10.10"]
[SourceQuality "1"]

1. e4 d5 2. exd5 Qxd5 3. Nc3 Qd8 4. d4 c6 5. Nf3 Bf5 6. Be2 Nf6 7. 0-0 e6 8. Ne5 Bd6 9. f4 h5 10. Be3 Nbd7 11. h3 h4 12. Bd3 g6 13. Qf3 Bxd3 14. Nxd3 Qe7 15. Ne5 Rc8 16. Rad1 Nb6 17. Ne4 Nxe4 18. Qxe4 Qf6 19. c4 Nd7 20. Nxd7 Kxd7 21. d5 exd5 22. cxd5 c5 23. Qa4+ Kc7 24. b4 Qc3 25. Bd2 Qd4+ 26. Kh1 c4 27. Rf3 Qb6 28. b5 Kb8 29. Rc3 Rhd8 30. Rf3 Rc5 31. Be3 1-0

[Event "CAN-ch Seniors 65+"]
[Site "Kitchener"]
[Date "2015.08.02"]
[Round "4"]
[White "McKay, Arnold"]
[Black "Maheux, Pierre"]
[Result "1-0"]
[WhiteElo "1874"]
[BlackElo "1660"]
[PlyCount "65"]
[EventDate "2015.07.31"]
[EventType "swiss"]
[EventRounds "7"]
[EventCountry "CAN"]
[SourceTitle "EXT 2022"]
[Source "ChessBase"]
[SourceDate "2021.10.06"]
[SourceVersion "1"]
[SourceVersionDate "2021.10.06"]
[SourceQuality "1"]

1. e4 c5 2. Nf3 Nc6 3. d4 cxd4 4. Nxd4 e5 5. Nf3 Bb4+ 6. c3 Be7 7. Bb5 d6 8. Be3 Bd7 9. h3 a6 10. Be2 Nf6 11. Qd3 0-0 12. Nbd2 b5 13. 0-0 Qc8 14. Nh2 Rd8 15. Bf3 Qb7 16. Rfd1 Be6 17. Ng4 Rd7 18. Nxf6+ Bxf6 19. Nf1 Rad8 20. Ng3 g6 21. Qc2 Ne7 22. Rd2 d5 23. Rad1 Qc8 24. Bb6 Re8 25. exd5 Bxh3 26. Ne4 Bg7 27. gxh3 Nf5 28. Bg4 Qb8 29. Bc5 h5 30. Bxf5 gxf5 31. Ng3 f4 32. Nxh5 Qc7 33. Qf5 1-0

[Event "CAN-ch Seniors 65+"]
[Site "Kitchener"]
[Date "2015.07.31"]
[Round "1"]
[White "Glew, Richard"]
[Black "McKay, Arnold"]
[Result "1/2-1/2"]
[WhiteElo "1659"]
[BlackElo "1874"]
[PlyCount "139"]
[EventDate "2015.07.31"]
[EventType "swiss"]
[EventRounds "7"]
[EventCountry "CAN"]
[SourceTitle "EXT 2022"]
[Source "ChessBase"]
[SourceDate "2021.10.06"]
[SourceVersion "1"]
[SourceVersionDate "2021.10.06"]
[SourceQuality "1"]

1. e4 c5 2. Nf3 d6 3. d4 cxd4 4. Nxd4 Nf6 5. Nc3 a6 6. Bg5 e6 7. Qd2 Be7 8. Be2 0-0 9. h4 b5 10. Bf3 Ra7 11. Be3 Rd7 12. g4 Bb7 13. g5 Ne8 14. h5 Nc6 15. Nxc6 Bxc6 16. 0-0-0 b4 17. Ne2 Qa5 18. Kb1 Nc7 19. Nd4 Bb7 20. g6 Bf6 21. h6 fxg6 22. Nb3 Qa4 23. Nc5 Bc3 24. bxc3 bxc3 25. Nxa4 cxd2 26. Bg2 Bc6 27. Nb2 gxh6 28. Rxh6 Nb5 29. Bxd2 Rxf2 30. Bh3 Na3+ 31. Kc1 Re7 32. Nd3 Re2 33. Nf4 Rxe4 34. Bxe6+ R4xe6 35. Nxe6 Rxe6 36. Rdh1 Bxh1 37. Rxh1 d5 38. Rf1 Rc6 39. Bh6 Rxc2+ 40. Kd1 Rc8 41. Rf6 Ra8 42. Rd6 Nb5 43. Rd7 Nc3+ 44. Kc2 Rc8 45. Kb3 Ne4 46. Rg7+ Kh8 47. Ra7 Nc5+ 48. Kb2 Rb8+ 49. Kc2 Rg8 50. Bf4 Re8 51. Bh6 d4 52. Bg7+ Kg8 53. Bxd4 Ne6 54. Bc3 g5 55. Rxa6 Kf7 56. a4 Kg6 57. a5 h5 58. Rd6 Kf5 59. a6 g4 60. Rd5+ Kg6 61. a7 Nc7 62. Rc5 Ne6 63. Rc6 Kf5 64. Rb6 Ra8 65. Rb5+ Kf4 66. Be5+ Ke4 67. Ra5 Nd4+ 68. Bxd4 Kxd4 69. Kd2 Ke4 70. Ke2 1/2-1/2

[Event "Alberta-ch Seniors"]
[Site "Edmonton"]
[Date "2015.04.26"]
[Round "4"]
[White "Purewal, Sardul"]
[Black "McKay, Arnold"]
[Result "1/2-1/2"]
[WhiteElo "2005"]
[BlackElo "1848"]
[PlyCount "100"]
[EventDate "2015.04.25"]
[EventType "swiss"]
[EventRounds "5"]
[EventCountry "CAN"]
[SourceTitle "EXT 2017"]
[Source "ChessBase"]
[SourceDate "2016.10.25"]
[SourceVersion "1"]
[SourceVersionDate "2016.10.25"]
[SourceQuality "1"]

1. Nf3 Nf6 2. c4 e6 3. Nc3 Bb4 4. Qc2 0-0 5. a3 Bxc3 6. Qxc3 d5 7. d3 h6 8. b3 Nbd7 9. Bb2 c5 10. e3 b6 11. Be2 Re8 12. Ne5 Bb7 13. Bf3 Nxe5 14. Qxe5 Rc8 15. 0-0 Re7 16. Qg3 d4 17. Bxb7 Rxb7 18. exd4 cxd4 19. Qe5 Rd7 20. b4 Ne8 21. Rfe1 Qf6 22. Qg3 Nd6 23. Qe5 Qxe5 24. Rxe5 Nb7 25. Rae1 Rcd8 26. g4 a5 27. Rb5 axb4 28. axb4 Rd6 29. Re4 f6 30. c5 e5 31. f4 Re6 32. fxe5 fxe5 33. cxb6 Rde8 34. Rd5 Rxb6 35. Bxd4 Rxb4 36. Rexe5 Rxe5 37. Bxe5 Rxg4+ 38. Kf2 Rg5 39. d4 Rf5+ 40. Ke3 Rf7 41. Ke4 Kh7 42. Rb5 g5 43. Rb6 h5 44. Rc6 Nd8 45. Rc7 Rxc7 46. Bxc7 Ne6 47. Bb8 Kg6 48. Ke5 Nxd4 49. Kxd4 Kf5 50. h3 h4 1/2-1/2

[Event "Canadian op"]
[Site "Edmonton"]
[Date "2009.07.12"]
[Round "2.55"]
[White "McKay, Arnold"]
[Black "Pisanski, Piotr"]
[Result "1/2-1/2"]
[WhiteElo "1889"]
[BlackElo "1428"]
[PlyCount "118"]
[EventDate "2009.07.11"]
[EventType "swiss"]
[EventRounds "9"]
[EventCountry "CAN"]
[SourceTitle "EXT 2022"]
[Source "ChessBase"]
[SourceDate "2021.10.06"]
[SourceVersion "1"]
[SourceVersionDate "2021.10.06"]
[SourceQuality "1"]

1. e4 e5 2. Nf3 Nc6 3. Bb5 a6 4. Ba4 Nf6 5. 0-0 Be7 6. Re1 b5 7. Bb3 0-0 8. c3 d5 9. exd5 Nxd5 10. Nxe5 Nxe5 11. Rxe5 c6 12. Bxd5 cxd5 13. d4 Bd6 14. Re1 Qh4 15. g3 Qh3 16. Qf3 Bf5 17. Qg2 Rae8 18. Be3 h5 19. Qxh3 Bxh3 20. Nd2 f5 21. f4 h4 22. Bf2 hxg3 23. hxg3 Bg4 24. Rxe8 Rxe8 25. Re1 Rd8 26. a3 Kf7 27. Kg2 Rh8 28. Nf1 Bh3+ 29. Kg1 Bg4 30. Nh2 Bh5 31. Kg2 Kf6 32. Nf3 Bxf3+ 33. Kxf3 g6 34. Re2 Kf7 35. g4 Rh3+ 36. Kg2 fxg4 37. Be3 Rf3 38. Bc1 Bxf4 39. Bxf4 Rxf4 40. Kg3 Re4 41. Rxe4 dxe4 42. Kf4 g3 43. Kxg3 Ke6 44. Kf4 Kd5 45. b3 g5+ 46. Ke3 a5 47. c4+ bxc4 48. bxc4+ Kxc4 49. Kxe4 g4 50. d5 g3 51. d6 g2 52. d7 g1Q 53. d8Q Qg4+ 54. Ke3 Qg3+ 55. Kd2 Qc3+ 56. Kd1 Qxa3 57. Qg8+ Kc3 58. Qg3+ Kb2 59. Qxa3+ Kxa3 1/2-1/2

[Event "Edmonton Ottosen op"]
[Site "Edmonton"]
[Date "2008.08.28"]
[Round "4"]
[White "Wihnon, Jason"]
[Black "McKay, Arnold"]
[Result "0-1"]
[WhiteElo "1737"]
[BlackElo "1834"]
[PlyCount "94"]
[EventDate "2008.08.07"]
[EventType "swiss"]
[EventRounds "4"]
[EventCountry "CAN"]
[SourceTitle "EXT 2011"]
[Source "ChessBase"]
[SourceDate "2010.11.26"]
[SourceVersion "1"]
[SourceVersionDate "2010.11.26"]
[SourceQuality "1"]

1. e4 c5 2. d4 cxd4 3. c3 Nc6 4. cxd4 d6 5. Nf3 e6 6. Nc3 Nf6 7. Bc4 Be7 8. d5 Ne5 9. Bb5+ Bd7 10. dxe6 Nxf3+ 11. gxf3 fxe6 12. Qe2 a6 13. Bxd7+ Qxd7 14. Be3 Rc8 15. Qd3 Nh5 16. Rd1 0-0 17. Nd5 Bd8 18. Nb6 Bxb6 19. Bxb6 Rc6 20. Bd4 Qe7 21. Kd2 e5 22. Bc3 Nf4 23. Qe3 b5 24. Bb4 Rc4 25. Qb3 Kh8 26. Rc1 Rd4+ 27. Kc2 Ne2 28. Rcd1 Rxd1 29. Kxd1 Nd4 30. Qd5 Rxf3 31. Kc1 Qc7+ 32. Kb1 Qc2+ 33. Ka1 h6 34. Qa8+ Kh7 35. Qxa6 Rd3 36. a3 Nb3+ 37. Ka2 Nc1+ 38. Ka1 Rb3 39. Bc3 Rxc3 40. Rxc1 Qxc1+ 41. Ka2 Rc5 42. Qxd6 Qc4+ 43. Kb1 Qd4 44. Qf8 Qxe4+ 45. Ka2 Rc1 46. Qf7 Qc4+ 47. Qxc4 Rxc4 0-1

[Event "Edmonton Ottosen op"]
[Site "Edmonton"]
[Date "2008.08.07"]
[Round "1"]
[White "McKay, Arnold"]
[Black "Ottosen, David"]
[Result "0-1"]
[WhiteElo "1834"]
[BlackElo "2109"]
[PlyCount "62"]
[EventDate "2008.08.07"]
[EventType "swiss"]
[EventRounds "4"]
[EventCountry "CAN"]
[SourceTitle "EXT 2011"]
[Source "ChessBase"]
[SourceDate "2010.11.26"]
[SourceVersion "1"]
[SourceVersionDate "2010.11.26"]
[SourceQuality "1"]

1. d4 d5 2. c4 c6 3. cxd5 cxd5 4. Nc3 Nc6 5. Nf3 Nf6 6. e3 Bf5 7. a3 e6 8. Bb5 Nd7 9. Bd2 Bd6 10. Rc1 0-0 11. 0-0 g5 12. Bxc6 bxc6 13. e4 dxe4 14. Nxg5 Nf6 15. Qe2 Kh8 16. f3 exf3 17. Qxf3 Qb6 18. Ne2 Nd5 19. Qh5 Bg6 20. Qh6 Qxb2 21. Rxc6 Be7 22. Nc3 Rad8 23. Rb1 Bxb1 24. Nxb1 Qxb1+ 25. Rc1 Qg6 26. Qh4 h6 27. Nxf7+ Rxf7 28. Qh3 Bg5 29. Bxg5 Qxg5 30. Re1 Nf4 31. Qf3 Qxg2+ 0-1